El sentido de la capacidad de escucha en la educación : acerca de la docilidad y la tarea educativa (Record no. 76790)

MARC details
000 -CABECERA
campo de control de longitud fija 00604nam a2200205 a 4500
005 - FECHA Y HORA DE LA ÚLTIMA TRANSACCIÓN
campo de control 20210219153433.0
008 - ELEMENTOS DE LONGITUD FIJA--INFORMACIÓN GENERAL
campo de control de longitud fija 991125n 000 0 spa u
035 ## - NÚMERO DE CONTROL DEL SISTEMA
Número de control de sistema UPN01000099387
100 1# - ASIENTO PRINCIPAL--NOMBRE PERSONAL
Nombre de persona Barcena Orbe, Fernando
222 ## - TÍTULO CLAVE
Título clave REVISTA ESPAÑOLA DE PEDAGOGIA
245 ## - MENCIÓN DE TÍTULO
Título El sentido de la capacidad de escucha en la educación : acerca de la docilidad y la tarea educativa
300 ## - DESCRIPCIÓN FÍSICA
Extensión 183-206
362 0# - FECHAS DE PUBLICACIÓN Y/O DESIGNACIÓN SECUENCIAL
Fecha de publicación y/o designación secuencial 1987 Año 45, no. 176, abr.-jun.
653 0# - TERMINO DE INDIZACION - NO CONTROLADO
Término no controlado ALUMNOS
653 0# - TERMINO DE INDIZACION - NO CONTROLADO
Término no controlado AUTONOMIA
653 0# - TERMINO DE INDIZACION - NO CONTROLADO
Término no controlado MAESTROS
653 0# - TERMINO DE INDIZACION - NO CONTROLADO
Término no controlado PRACTICA DOCENTE
904 ## - ELEMENTOS DE DATOS D LOCAL, LDD (RLIN)
a AC
b 037198
905 ## - TIPO DE MATERIAL
Tipo de material Articulo

No items available.